| 000 | 00917nam a2200241Ia 4500 | ||
|---|---|---|---|
| 999 |
_c36175 _d36175 |
||
| 001 | 2077 | ||
| 003 | GE_BSU | ||
| 005 | 20221021104325.0 | ||
| 008 | 181216s1991ru xx |||||||||||||| ||rus|| | ||
| 020 | _a5520007187 | ||
| 040 | _cGE_BSU | ||
| 041 | _arus | ||
| 080 | _a94(3) Г-499 | ||
| 100 |
_aГиоргадзе,Г.Г. _915408 |
||
| 245 |
_aВопросы общественного строя хеттов / _cГ.Г. Гиоргадзе,ред. Н.В.Хазарадзе |
||
| 264 |
_aТбилиси : _bМецниереба, _c1991. |
||
| 300 | _a190 стр.: | ||
| 653 | _aВопросы общественного строя хеттов | ||
| 653 | _aარქეოლოგია | ||
| 700 |
_aХазарадзе, Н.В. _eრედაქტორი _915409 |
||
| 710 |
_aИ-т истории,археологии и этнографии им. И.А. Джавахишвили _915410 |
||
| 942 |
_cBK _2udc |
||